• 首页
  • 本馆介绍
  • 公告通知
  • 最新文献
  • 馆藏检索
  • 电子资源
  • 读者导购
  • 参考咨询
  • 我的图书馆
  • 登录
  • 详细信息显示
  • 放入我的书架
  • 预约/预借图书
  • 作者相关作品
  • 分类相关作品
  • 丛书相关作品
  • 出版社相关作品

书目信息

  • 表格格式
  • 工作单格式
  • 卡片格式
题名:
中国民商事案例精选
    
 
作者: 朱洪超 主编 ;中华全国律师协会 编
分册:  
出版信息: 北京   法律出版社  2014
页数: 301页
开本: 24cm
丛书名:
单 册:
中图分类: D923.05
科图分类:
主题词: 民法--Min Fa--案例--中国--汇编
电子资源:
ISBN: 978-7-5118-7086-5
000 01125nam0 22002531 450
001 0101082404
005 20161201102505.89
010    @a978-7-5118-7086-5@dCNY56.00
100    @a20141126d2014 em y0chiy50 ea
101 0  @achi
102    @aCN@b110000
105    @ay z 000yy
106    @ar
200 1  @a中国民商事案例精选@AZhong Guo Min Shang Shi An Li Jing Xuan@e2012~2014@dSelected cases in civil and comercial law of China@e2012~2014@f朱洪超主编@g中华全国律师协会民事专业委员会编@zeng
210    @a北京@c法律出版社@d2014
215    @a301页@d24cm
330    @a本书按案例类别分为五个部分,是民商事实务领域的各类典型案件汇编,既有对法律条文的精析,又有承办律师的独特心得,内容包括“合同纠纷”、“侵权纠纷”、“物权纠纷”、“婚姻、家庭、继承纠纷”、“公司纠纷”。
510 1  @aSelected cases in civil and comercial law of China@zeng
606 0  @a民法@AMin Fa@x案例@y中国@j汇编
690    @aD923.05@v5
701  0 @a朱洪超@AZhu Hong Chao@f(1959~)@4主编
712 02 @a中华全国律师协会@AZhong Hua Quan Guo Lv Shi Xie Hui@b民事专业委员会@4编
801  0 @aCN@bTANGWEI@c20161128
905    @b0950725-9@dD923.05@e1501@f5
    
    中国民商事案例精选:2012~2014=Selected cases in civil and comercial law of China:2012~2014/朱洪超主编/中华全国律师协会民事专业委员会编.-北京:法律出版社,2014
    301页;24cm
    
    
    ISBN 978-7-5118-7086-5:CNY56.00
    本书按案例类别分为五个部分,是民商事实务领域的各类典型案件汇编,既有对法律条文的精析,又有承办律师的独特心得,内容包括“合同纠纷”、“侵权纠纷”、“物权纠纷”、“婚姻、家庭、继承纠纷”、“公司纠纷”。
●
相关链接 在E读中查询图书 在五车中查询图书 在当当中查询图书 在豆瓣中查询图书


正题名:中国民商事案例精选     索取号:D923.05/1501         预约/预借

序号 登录号 条形码 馆藏地/架位号 状态 备注
1 0950725   209507256   第一样本阅览室/ [索取号:D923.05/1501] 在馆    
2 0950726   209507265   密集书库-史法系/ [索取号:D923.05/1501] 在馆    
3 0950727   209507274   第一借阅区/ [索取号:D923.05/1501] 在馆    
4 0950728   209507283   第一借阅区/ [索取号:D923.05/1501] 在馆    
5 0950729   209507292   第一借阅区/ [索取号:D923.05/1501] 在馆    
唐山师范学院图书馆 欢迎您!
大连网信软件有限公司© 版权所有